QUALITY MANAGEMENT PRACTICES (Record no. 343987)
[ view plain ]
| 000 -LEADER | |
|---|---|
| fixed length control field | 00239 a2200109 4500 |
| 082 ## - DEWEY DECIMAL CLASSIFICATION NUMBER | |
| Classification number | 658.562 |
| 090 ## - LOCALLY ASSIGNED LC-TYPE CALL NUMBER (OCLC); LOCAL CALL NUMBER (RLIN) | |
| -- | 1467 |
| -- | 1467 |
| 100 ## - MAIN ENTRY--PERSONAL NAME | |
| Personal name | MOOSA KAMRAN |
| 245 ## - TITLE STATEMENT | |
| Title | QUALITY MANAGEMENT PRACTICES |
| 300 ## - PHYSICAL DESCRIPTION | |
| Extent | 226 |
| 942 ## - ADDED ENTRY ELEMENTS (KOHA) | |
| Institution code [OBSOLETE] | NBS |
| Koha item type | Book |
| Call number prefix | 658.562 MOO |
| Withdrawn status | Lost status | Damaged status | Not for loan | Permanent Location | Current Location | Date acquired | Total Checkouts | Full call number | Barcode | Date last seen | Price effective from | Koha item type |
|---|---|---|---|---|---|---|---|---|---|---|---|---|
| Central Library (CL) | Central Library (CL) | 08/28/2013 | 658.562 MOO | NBS3244 | 08/28/2013 | 08/28/2013 | Book | |||||
| Central Library (CL) | Central Library (CL) | 08/28/2013 | 658.562 MOO | NBS3242 | 08/28/2013 | 08/28/2013 | Book | |||||
| Central Library (CL) | Central Library (CL) | 08/28/2013 | 658.562 MOO | NBS3316 | 08/28/2013 | 08/28/2013 | Book | |||||
| Central Library (CL) | Central Library (CL) | 08/28/2013 | 658.562 MOO | NBS3241 | 08/28/2013 | 08/28/2013 | Book | |||||
| Central Library (CL) | Central Library (CL) | 08/28/2013 | 658.562 MOO | NBS3243 | 08/28/2013 | 08/28/2013 | Book |
